| 000 | 00974nam a22002897a 4500 | ||
|---|---|---|---|
| 005 | 20110427151438.0 | ||
| 008 | 110427t xxu||||| |||| 00| 0 eng d | ||
| 010 | _aENG-102355 | ||
| 020 |
_a9788175332928 _c795.00 |
||
| 035 | _aEN-85888 | ||
| 037 | _bDBAD/PUB | ||
| 040 |
_aDPL _bENG |
||
| 082 | _a201.723 | ||
| 100 |
_927456 _aDas, A.N. |
||
| 245 |
_aThe Buddhist perspectives on human rights / _cby A.N. Das |
||
| 260 |
_aNew Delhi _bMD Publications _c2010 |
||
| 270 |
_a"MD House", 11, Darya Ganj _bNew Delhi _e110002 _k91-11-45355555 _mcontact@mdppl.com |
||
| 300 |
_avi,253 p. _c22cm (Hb) |
||
| 500 | _aIncludes bibliographical references and index | ||
| 610 | _927464 | ||
| 650 | _927465 | ||
| 651 | _927466 | ||
| 700 | _927451 | ||
| 710 | _927453 | ||
| 942 |
_2ddc _cEN _h201.723 _mDAS |
||
| 999 |
_c51977 _d51977 |
||